000 00629cam a22002293a 4500
001 12908
003 PGUSA
005 20140828083259.0
008 040714s2004||||xxu|||||s|||||000 1 eng d
040 _aPGUSA
_beng
042 _adc
050 4 _aPR
100 1 _aWard, Humphry,
_cMrs,
_d1851-1920
245 1 0 _aMissing
_h[electronic resource] /
_cHumphry, Ward
260 _bProject Gutenberg,
_c2004
506 _aPublic domain in the USA.
516 _aElectronic text
653 _aWorld War, 1914-1918 -- Fiction
830 0 _aProject Gutenberg
_v12908
856 4 0 _uhttp://www.gutenberg.org/ebooks/12908
942 _cEB
999 _c242163
_d242163